00317nam a22000857a 4500008004100000082001600041245011400057260005100171300000900222230621b xxu||||| |||| 00| 0 eng d a328.30bCPA aReport of the Executive Committee 1987-1988 and Report of Proceedings of the General Assembly Canberra, 1988 aLondonbCommonwealth Parliamentary Association a103p